Finish the JetPunkers’ Names ! - Click Quiz - Statistics

General Stats
  • This quiz has been taken 17 times
  • The average score is 10 of 15
Answer Stats
Hint Answer % Correct
Quiz master
94%
Stew art
88%
Di mby
88%
Anonymous bear25
81%
Lucky Cat
81%
Reles sness
75%
Scam bigol
69%
Dek kie
69%
Geo Philia
69%
Just Joshing
63%
youtube player
63%
Ravi sseur
63%
Quizzer 6794
56%
Silas 666
50%
Simon 1006
38%
No matching quizzes found
Score Distribution
Percent of People with Each Score
Percentile by Number Answered
Your Score History
You have not taken this quiz